[Event "Championnat de France - Accession"]
[Site "Chartres"]
[Date "2005.08.??"]
[Round "2.5"]
[White "Chomet, Pascal"]
[Black "Collas, Didier"]
[Result "1-0"]
[WhiteElo "2317"]
[BlackElo "2425"]
[PlyCount "71"]
[EventDate "2005.??.??"]

1. e4 d5 2. exd5 Qxd5 3. Nc3 Qa5 4. d4 Nf6 5. Nf3 Ne4 6. Bd3 Nxc3 7. bxc3 Qxc3+
8. Bd2 Qa3 9. O-O Nd7 10. Re1 c6 11. Bf4 e6 12. Nd2 Qa4 13. Nc4 Nf6 14. Qf3 Bd7
15. Rab1 b5 16. Ne5 Qxd4 17. Nxd7 Qxd7 18. Bxb5 Nd5 19. Ba4 Rc8 20. Be5 f6 21.
Bg3 Kf7 22. Red1 Qe7 23. c4 Nb6 24. Bxc6 Qa3 25. Rb3 Qxa2 26. Bd7 Nxd7 27.
Rxd7+ Be7 28. Rxe7+ Kxe7 29. Qb7+ Ke8 30. Qxc8+ Kf7 31. Qb7+ Kg6 32. Qe4+ Kh6
33. Qh4+ Kg6 34. Qg4+ Kh6 35. Bf4+ g5 36. Bxg5+ 1-0

[Event "Championnat de France - Accession"]
[Site "Chartres"]
[Date "2005.08.17"]
[Round "2.6"]
[White "Libiszewski, Fabien"]
[Black "Debray, Christopher"]
[Result "1-0"]
[WhiteElo "2413"]
[BlackElo "2272"]
[PlyCount "51"]
[EventDate "2005.??.??"]

1. e4 e6 2. d4 d5 3. Nc3 Bb4 4. Bd3 c5 5. a3 Ba5 6. dxc5 d4 7. b4 dxc3 8. bxa5
Qxa5 9. Qg4 Ne7 10. Qxg7 Rg8 11. Qxh7 Rxg2 12. Ne2 Rg8 13. Rg1 Rxg1+ 14. Nxg1
Nd7 15. Qh8+ Nf8 16. Ne2 Qxc5 17. Be3 Qa5 18. Qxc3 Qh5 19. Qc7 Bd7 20. Qxb7 Rc8
21. Ng3 Qxh2 22. O-O-O Nc6 23. Bb5 Rb8 24. Rxd7 Nxd7 25. Qxc6 Qg1+ 26. Nf1 1-0

[Event "Championnat de France - Accession"]
[Site "Chartres"]
[Date "2005.08.17"]
[Round "2.7"]
[White "Feller, Sebastien"]
[Black "Gharamian, Tigran"]
[Result "1/2-1/2"]
[WhiteElo "2282"]
[BlackElo "2412"]
[PlyCount "51"]
[EventDate "2005.??.??"]

1. Nf3 c5 2. c4 Nc6 3. Nc3 Nf6 4. g3 b6 5. Bg2 Bb7 6. O-O e6 7. d4 Nxd4 8. Nxd4
Bxg2 9. Kxg2 cxd4 10. Qxd4 Bc5 11. Qd3 d5 12. cxd5 Nxd5 13. Qb5+ Qd7 14. Qxd7+
Kxd7 15. Rd1 Kc6 16. Nxd5 exd5 17. Bd2 a5 18. Bc3 Rhe8 19. e3 g6 20. Rac1 Rad8
21. Rd3 Kd6 22. Kf3 f5 23. Rcd1 Kc6 24. h3 Re4 25. Bd4 Rd7 26. Bc3 1/2-1/2

[Event "Championnat de France - Accession"]
[Site "Chartres"]
[Date "2005.08.18"]
[Round "2.8"]
[White "Philippe, Christophe"]
[Black "Fargere, Francois"]
[Result "1/2-1/2"]
[WhiteElo "2411"]
[BlackElo "2270"]
[PlyCount "109"]
[EventDate "2005.??.??"]

1. d4 d5 2. g3 Nf6 3. Bg2 c6 4. Nf3 Bf5 5. O-O e6 6. Nbd2 Nbd7 7. Nh4 Bg4 8. h3
Bh5 9. g4 Ne4 10. Nhf3 Bg6 11. Nxe4 Bxe4 12. Bf4 Be7 13. Qd2 O-O 14. Rfc1 c5
15. c4 Rc8 16. dxc5 Rxc5 17. cxd5 Bxd5 18. b4 Rxc1+ 19. Rxc1 Nf6 20. a3 Bd6 21.
Bxd6 Qxd6 22. Qe3 a6 23. Qc5 Ne4 24. Qc7 Bc6 25. Qxd6 Nxd6 26. Ne5 Bxg2 27.
Kxg2 f6 28. Nd3 e5 29. Nc5 Rc8 30. Rd1 Nb5 31. Rd7 Nxa3 32. Rxb7 a5 33. Ne6
axb4 34. Nxg7 Nc2 35. Nf5 Ne1+ 36. Kg3 Rc3+ 37. f3 Rc2 38. Rxb4 Rxe2 39. Rb8+
Kf7 40. Rb7+ Ke6 41. Rb6+ Kf7 42. Nd6+ Ke7 43. Nf5+ Kf7 44. Rb7+ Ke6 45. Re7+
Kd5 46. Rd7+ Ke6 47. Re7+ Kd5 48. Nh4 Nc2 49. Rxh7 Ne3 50. Ng6 Rg2+ 51. Kh4 Rf2
52. Rd7+ Kc5 53. Kg3 Rg2+ 54. Kh4 Rf2 55. Kg3 1/2-1/2

[Event "Championnat de France - Accession"]
[Site "Chartres"]
[Date "2005.08.18"]
[Round "2.9"]
[White "Picard, Romain"]
[Black "Van Elst, Andreas"]
[Result "0-1"]
[WhiteElo "2369"]
[BlackElo "2263"]
[PlyCount "150"]
[EventDate "2005.??.??"]

1. e4 c5 2. Nf3 e6 3. d4 cxd4 4. Nxd4 a6 5. Be2 Nf6 6. Nc3 Bb4 7. O-O d6 8. Bg5
Nbd7 9. f4 Qb6 10. Na4 Qa7 11. Kh1 Nxe4 12. Bh4 O-O 13. Qd3 d5 14. Rad1 Ndf6
15. Nc3 Bxc3 16. bxc3 Bd7 17. Qh3 Rac8 18. Rf3 Qb8 19. g4 e5 20. Nf5 Bxf5 21.
gxf5 exf4 22. Rg1 Qe5 23. Bd3 Rc6 24. Qg2 g6 25. Qh3 Nh5 26. Be1 Ng7 27. Qf1
Nxf5 28. Rxf4 Ng7 29. Bh4 f5 30. Rf3 Nd2 31. Bg3 Qe6 32. Qf2 Nxf3 33. Qxf3 Re8
34. Re1 Qd7 35. Rxe8+ Nxe8 36. Be5 Nf6 37. Bd4 Re6 38. c4 Ne4 39. c5 Qa4 40. c3
Qxa2 41. Qf4 Nf6 42. Kg1 Qa4 43. Qb8+ Qe8 44. Qxb7 Qc6 45. Qb8+ Re8 46. Qa7 Nd7
47. Bxa6 Ra8 48. Bb7 Rxa7 49. Bxc6 Kf8 50. Bxd5 Rc7 51. c6 Nb8 52. Be5 Na6 53.
Bd6+ Ke8 54. Kf2 Rc8 55. c4 Kd8 56. Ke3 Nc7 57. Bg8 Ne8 58. Bf4 Rxc6 59. Bxh7
Ke7 60. Bg8 Nc7 61. Kd3 Ne6 62. Bc1 Kf8 63. Bxe6 Rxe6 64. Kd4 Ke7 65. c5 Kd7
66. Kd5 Ra6 67. Bg5 Re6 68. h4 Re4 69. Bf6 Rg4 70. c6+ Kc7 71. Be5+ Kc8 72. Bf6
Ra4 73. Ke6 f4 74. Be5 Re4 75. Kf6 Rxe5 0-1

[Event "Championnat de France - Accession"]
[Site "Chartres"]
[Date "2005.08.??"]
[Round "2.10"]
[White "Manouck, Thierry"]
[Black "Colin, Vincent"]
[Result "1-0"]
[WhiteElo "2273"]
[BlackElo "2368"]
[PlyCount "71"]
[EventDate "2005.??.??"]

1. c4 e6 2. Nf3 Nf6 3. g3 d5 4. b3 c5 5. Bg2 Nc6 6. e3 Be7 7. O-O O-O 8. Bb2 d4
9. exd4 cxd4 10. Re1 Ne8 11. Ne5 Nxe5 12. Rxe5 f6 13. Re1 e5 14. Ba3 Bxa3 15.
Nxa3 Nc7 16. Rc1 Rb8 17. c5 Be6 18. Nc4 Bd5 19. Nd6 Bxg2 20. Kxg2 Ne8 21. Nc4
b5 22. cxb6 axb6 23. b4 b5 24. Na5 Qd5+ 25. Qf3 Qxa2 26. Nc6 Rb6 27. Ne7+ Kh8
28. Rxe5 Nd6 29. Rc7 Nc4 30. Rh5 Qc2 31. d3 Ne3+ 32. Kh3 Qxd3 33. fxe3 g6 34.
Rxh7+ Kxh7 35. Nxg6+ Rf7 36. Qh5+ 1-0

[Event "Championnat de France - Accession"]
[Site "Chartres"]
[Date "2005.08.17"]
[Round "2.11"]
[White "Neiman, Emmanuel"]
[Black "Delorme, Alban"]
[Result "0-1"]
[WhiteElo "2365"]
[BlackElo "2254"]
[PlyCount "64"]
[EventDate "2005.??.??"]

1. d4 d5 2. c4 e6 3. Nc3 Nf6 4. Bg5 Be7 5. e3 O-O 6. Nf3 b6 7. Rc1 Bb7 8. Be2
Nbd7 9. O-O c5 10. cxd5 Nxd5 11. Bxe7 Qxe7 12. Nxd5 Bxd5 13. Qa4 e5 14. Bb5 e4
15. Nd2 Rfd8 16. Bxd7 Rxd7 17. dxc5 bxc5 18. b3 Rad8 19. Qa5 Bc6 20. Rc2 Rd5
21. Nc4 Qd7 22. h3 h6 23. Rfc1 Bb5 24. Qc3 Qc7 25. g3 Qd7 26. Kg2 Qf5 27. Nb2
Qf3+ 28. Kh2 Rh5 29. Rd2 Rd3 30. Nxd3 exd3 31. Qa5 Bc6 32. Rg1 Rxh3+ 0-1

[Event "Championnat de France - Accession"]
[Site "Chartres"]
[Date "2005.08.17"]
[Round "2.12"]
[White "Onkoud, Abdelaziz"]
[Black "Alanic, Xavier"]
[Result "1-0"]
[WhiteElo "2361"]
[BlackElo "2244"]
[PlyCount "77"]
[EventDate "2005.??.??"]

1. d4 d5 2. Nf3 e6 3. c4 Nf6 4. Nc3 Be7 5. g3 O-O 6. Bg2 c6 7. O-O Nbd7 8. b3
b6 9. Bb2 Ba6 10. e4 dxc4 11. Qe2 b5 12. bxc4 bxc4 13. Rac1 Rb8 14. Rfd1 Qa5
15. Ba1 Ba3 16. Rc2 Rfe8 17. Ne5 Qc7 18. Nxd7 Nxd7 19. e5 Bb4 20. Ne4 Bb5 21.
Nc3 Bxc3 22. Rxc3 Nb6 23. Be4 Nd5 24. Rf3 Qa5 25. Rc1 Rec8 26. g4 g6 27. Bc3
Nxc3 28. Rcxc3 Qb6 29. Qd2 Rd8 30. Qh6 Qxd4 31. Rce3 c3 32. Kg2 c2 33. Rxf7
Bf1+ 34. Kg3 Qxe5+ 35. f4 Qh8 36. Bxg6 c1=Q 37. Bxh7+ Kxf7 38. Qxe6+ Kg7 39.
Qe7+ 1-0

[Event "Championnat de France - Accession"]
[Site "Chartres"]
[Date "2005.08.17"]
[Round "2.13"]
[White "Dimitrov, Christo"]
[Black "Boudre, Jean-Pierre"]
[Result "1-0"]
[WhiteElo "2270"]
[BlackElo "2359"]
[PlyCount "69"]
[EventDate "2005.??.??"]

1. d4 d5 2. Nf3 Nf6 3. c4 c6 4. Nc3 e6 5. e3 Nbd7 6. Bd3 dxc4 7. Bxc4 b5 8. Bd3
Bd6 9. a4 b4 10. Ne4 Nxe4 11. Bxe4 Bb7 12. Nd2 a5 13. b3 O-O 14. Bb2 Rc8 15.
Rc1 Bb8 16. Qf3 Nf6 17. Bb1 Nd5 18. Ne4 c5 19. Nxc5 Ba8 20. Qh3 g6 21. O-O Qe7
22. Qh6 f5 23. Rce1 Nf6 24. Qh4 e5 25. e4 exd4 26. Bxd4 Rxc5 27. exf5 Qb7 28.
f3 Rc6 29. fxg6 hxg6 30. Bxg6 Ba7 31. Re5 Rd6 32. Bxa7 Qxa7+ 33. Kh1 Rfd8 34.
Rg5 Kf8 35. Qh8+ 1-0

[Event "Championnat de France - Accession"]
[Site "Chartres"]
[Date "2005.08.18"]
[Round "2.14"]
[White "Dourerassou, Jonathan"]
[Black "Tranchant, Sebastien"]
[Result "1/2-1/2"]
[WhiteElo "2358"]
[BlackElo "2150"]
[PlyCount "107"]
[EventDate "2005.??.??"]

1. e4 c5 2. Nf3 g6 3. Nc3 Bg7 4. d4 cxd4 5. Nxd4 Nc6 6. Be3 Nf6 7. Bc4 O-O 8.
Bb3 a5 9. O-O d6 10. f3 Nxd4 11. Bxd4 Bd7 12. a4 Bc6 13. Qd3 Nd7 14. Bxg7 Kxg7
15. Kh1 Nc5 16. Qd4+ f6 17. Bd5 Qb6 18. b3 Qb4 19. Qxb4 axb4 20. Na2 Bxd5 21.
exd5 Na6 22. Rae1 Kf7 23. Re4 f5 24. Rh4 h5 25. Nxb4 Rfc8 26. Rf2 b5 27. Nd3
Nc5 28. Nc1 bxa4 29. b4 a3 30. bxc5 a2 31. Nxa2 Rxa2 32. g4 Rxc5 33. gxh5 gxh5
34. Rxh5 Kg6 35. Rh4 Raxc2 36. Rxc2 Rxc2 37. Rd4 Rf2 38. Rd3 Kg5 39. Kg1 Re2
40. Rd4 Kf6 41. f4 Kg6 42. h3 Kh5 43. Kf1 Re4 44. Rxe4 fxe4 45. Kf2 Kh4 46. Ke3
Kxh3 47. Kxe4 Kg4 48. Ke3 Kg3 49. Ke4 Kf2 50. f5 Ke2 51. f6 exf6 52. Kf5 Ke3
53. Ke6 f5 54. Kxd6 1/2-1/2

[Event "Championnat de France - Accession"]
[Site "Chartres"]
[Date "2005.08.18"]
[Round "2.15"]
[White "Bergez, Luc"]
[Black "Burkel, Kevin"]
[Result "0-1"]
[WhiteElo "2353"]
[BlackElo "2099"]
[PlyCount "168"]
[EventDate "2005.??.??"]

1. e4 e5 2. Nf3 Nc6 3. Nc3 Nf6 4. d4 exd4 5. Nxd4 Bb4 6. Nxc6 bxc6 7. Bd3 Qe7
8. O-O O-O 9. Re1 d6 10. Bg5 Qe5 11. Qd2 Bc5 12. Na4 Ng4 13. Nxc5 Qxh2+ 14. Kf1
dxc5 15. Qf4 h6 16. Qxh2 Nxh2+ 17. Kg1 hxg5 18. Kxh2 Be6 19. Re3 Rfd8 20. Kg3
c4 21. Bf1 Rab8 22. Rb1 Kf8 23. Rc3 Rd4 24. Kf3 g6 25. Ke3 c5 26. Ra3 f5 27.
Rxa7 Rxe4+ 28. Kd2 Rd8+ 29. Kc3 Rd7 30. Ra5 Rf4 31. f3 g4 32. Be2 gxf3 33. Bxf3
Bd5 34. Rd1 Rd4 35. Re1 Bxf3 36. gxf3 Rf4 37. Rf1 Rd5 38. Ra7 Rd7 39. a4 Ke7
40. a5 g5 41. Rh1 Rxf3+ 42. Kxc4 g4 43. a6 g3 44. Ra8 Rd4+ 45. Kxc5 Ra4 46. a7
g2 47. Rh7+ Kf6 48. Rg8 Rg4 49. Rxg4 fxg4 50. a8=Q g1=Q+ 51. Kc6 Qb6+ 52. Kd7
Qd6+ 53. Kc8 Qf8+ 54. Kb7 Qxa8+ 55. Kxa8 g3 56. Rh3 Ke5 57. Kb7 g2 58. Rxf3
g1=Q 59. Rb3 Qg2+ 60. Kxc7 Qxc2+ 61. Rc3 Qxb2 62. Rc6 Qb5 63. Rb6 Qc5+ 64. Rc6
Qa7+ 65. Kc8 Qa8+ 66. Kc7 Qa7+ 67. Kc8 Kd5 68. Rc7 Qa4 69. Kb7 Qb5+ 70. Ka7 Kd6
71. Rc8 Kd7 72. Rb8 Qa5+ 73. Kb7 Qc7+ 74. Ka8 Kd6 75. Rb7 Qc8+ 76. Ka7 Kc5 77.
Rb5+ Kc4 78. Rb6 Qc7+ 79. Ka6 Qd7 80. Rb7 Qd8 81. Rc7+ Kd5 82. Rc5+ Kd4 83. Rc6
Kd5 84. Rc3 Qf6+ 0-1

[Event "Championnat de France - Accession"]
[Site "Chartres"]
[Date "2005.08.18"]
[Round "2.16"]
[White "Dussol, Pierre"]
[Black "Bolding, Klaus"]
[Result "0-1"]
[WhiteElo "2261"]
[BlackElo "2340"]
[PlyCount "58"]
[EventDate "2005.??.??"]

1. e4 c5 2. Nf3 d6 3. d4 cxd4 4. Qxd4 Nc6 5. Bb5 e5 6. Qd3 Be7 7. Nc3 a6 8.
Bxc6+ bxc6 9. Qc4 Bd7 10. O-O h6 11. Be3 Nf6 12. Nd2 O-O 13. f3 Kh8 14. Rfd1 d5
15. Qd3 d4 16. Bxd4 exd4 17. Qxd4 Be6 18. Qe3 Nd7 19. Kh1 Qb6 20. Qxb6 Nxb6 21.
f4 Bg4 22. Re1 Rad8 23. Nf1 Bh4 24. g3 Be7 25. f5 Bf3+ 26. Kg1 Bc5+ 27. Ne3 Nc4
28. Kf2 Nxe3 29. Kxf3 Nxc2 0-1

[Event "Championnat de France - Accession"]
[Site "Chartres"]
[Date "2005.08.18"]
[Round "2.17"]
[White "Bardel, Stephan"]
[Black "Roos, Louis"]
[Result "1/2-1/2"]
[WhiteElo "2251"]
[BlackElo "2334"]
[PlyCount "137"]
[EventDate "2005.??.??"]

1. c4 Nf6 2. Nf3 g6 3. Nc3 c5 4. d4 cxd4 5. Nxd4 Bg7 6. e4 d6 7. Be2 Nc6 8. Be3
O-O 9. O-O Bd7 10. Qd2 a6 11. Rad1 Nxd4 12. Bxd4 Bc6 13. f3 Nd7 14. Bxg7 Kxg7
15. f4 Qa5 16. a3 b5 17. Qd4+ Kg8 18. cxb5 axb5 19. Nd5 Bxd5 20. Qxd5 Qb6+ 21.
Qd4 Rfb8 22. Qxb6 Rxb6 23. e5 b4 24. exd6 exd6 25. axb4 Rxb4 26. Rxd6 Rxb2 27.
Bf3 Ra7 28. Rfd1 Nf8 29. R1d2 Raa2 30. Rxb2 Rxb2 31. g3 Kg7 32. Ra6 Ne6 33. Ra7
Rd2 34. Ra5 h5 35. Bg2 Kf6 36. Ra1 Nd4 37. Rf1 Ne2+ 38. Kh1 Kf5 39. Bh3+ Ke4
40. Bg2+ Kd4 41. Ra1 h4 42. Ra4+ Kc5 43. Bf1 hxg3 44. Bxe2 Rxe2 45. hxg3 Kd5
46. Ra7 Ke6 47. Kg1 Rd2 48. Kf1 f6 49. Rg7 Kf5 50. Rg8 Ra2 51. Rg7 g5 52. fxg5
fxg5 53. Rb7 Kg4 54. Kg1 Kh3 55. Rb1 Rg2+ 56. Kh1 Re2 57. Kg1 Kg4 58. Rb3 Rc2
59. Ra3 Kh3 60. g4+ Kh4 61. Rb3 Rc4 62. Rb1 Rc3 63. Ra1 Kxg4 64. Ra4+ Kg3 65.
Ra1 g4 66. Rb1 Kh3 67. Ra1 Rc2 68. Ra3+ g3 69. Ra1 1/2-1/2

[Event "Championnat de France - Accession"]
[Site "Chartres"]
[Date "2005.08.18"]
[Round "2.18"]
[White "Saby, Julien"]
[Black "Giffard, Nicolas"]
[Result "0-1"]
[WhiteElo "1660"]
[BlackElo "2330"]
[PlyCount "54"]
[EventDate "2005.??.??"]

1. e4 c6 2. Nf3 d5 3. exd5 cxd5 4. d4 Nf6 5. c4 e6 6. Nc3 Be7 7. Bd3 O-O 8. O-O
dxc4 9. Bxc4 Nc6 10. a3 Nd5 11. Ne2 Bf6 12. Ba2 b6 13. Qc2 Bb7 14. Rd1 Rc8 15.
Bb1 g6 16. Qe4 Na5 17. Qd3 Nc4 18. b3 Nd6 19. Bb2 Nf5 20. Ne5 Qe7 21. Ba2 Rfd8
22. Nc4 Bg7 23. Rac1 Qg5 24. Rc2 Nde3 25. g3 Nxc2 26. Bc1 Qe7 27. Qxc2 b5 0-1

[Event "Championnat de France - Accession"]
[Site "Chartres"]
[Date "2005.08.18"]
[Round "2.19"]
[White "Garro, Pierre"]
[Black "Olivier, Jean-Christophe"]
[Result "0-1"]
[WhiteElo "2131"]
[BlackElo "2373"]
[PlyCount "74"]
[EventDate "2005.??.??"]

1. e4 e5 2. Nf3 Nc6 3. Bb5 a6 4. Ba4 d6 5. O-O Bd7 6. c3 g6 7. d4 Bg7 8. Bg5
Nge7 9. d5 Nb8 10. Bxd7+ Nxd7 11. a4 O-O 12. Na3 f5 13. Nd2 Bf6 14. Bxf6 Nxf6
15. f3 f4 16. b4 Qd7 17. c4 a5 18. Rb1 axb4 19. Rxb4 b6 20. Nb5 g5 21. Qe2 Rf7
22. Ra1 Rg7 23. a5 bxa5 24. Rba4 c6 25. dxc6 Nxc6 26. Nb3 g4 27. Kh1 gxf3 28.
gxf3 Kh8 29. Nxa5 Rag8 30. Nxc6 Qxc6 31. Rd1 Rg6 32. Raa1 Nh5 33. Qd3 Qc5 34.
Qc2 Ng3+ 35. hxg3 Rh6+ 36. Kg2 Rxg3+ 37. Kf1 Rh1+ 0-1

[Event "Championnat de France - Accession"]
[Site "Chartres"]
[Date "2005.08.18"]
[Round "2.20"]
[White "Gozzoli, Yannick"]
[Black "Fantin, Ludwig"]
[Result "1-0"]
[WhiteElo "2444"]
[BlackElo "2204"]
[PlyCount "39"]
[EventDate "2005.??.??"]

1. e4 c5 2. Ne2 d6 3. g3 Nc6 4. Bg2 g6 5. c3 e5 6. d4 Bg7 7. d5 Nce7 8. O-O f5
9. f4 fxe4 10. Nd2 Nxd5 11. Nxe4 Ngf6 12. fxe5 dxe5 13. Bg5 Bf5 14. Qa4+ Qd7
15. Nd6+ Ke7 16. Nxf5+ gxf5 17. Qc4 h6 18. Bh4 Ke8 19. Rad1 Rd8 20. Bxf6 1-0

[Event "Championnat de France - Open A"]
[Site "Chartres"]
[Date "2005.??.??"]
[Round "2.1"]
[White "Mourot, Felix"]
[Black "Faucher, Stephane"]
[Result "0-1"]
[WhiteElo "2198"]
[BlackElo "2082"]
[PlyCount "100"]
[EventDate "2005.??.??"]

1. d4 Nf6 2. c4 c5 3. d5 e6 4. Nc3 exd5 5. cxd5 d6 6. e4 g6 7. Bd3 Bg7 8. Nge2
O-O 9. O-O Re8 10. Ng3 Na6 11. h3 Nb4 12. Bb1 Qa5 13. Bf4 Bf8 14. Bg5 Nd7 15.
f4 h6 16. Bh4 c4 17. a3 Nd3 18. Bxd3 cxd3 19. Qxd3 Qb6+ 20. Kh1 Qxb2 21. Rfb1
Qf2 22. Nf5 Qc5 23. Rc1 Qa5 24. Nd4 Nc5 25. Qc2 Bd7 26. Bf6 Rac8 27. e5 Na4 28.
e6 Bxe6 29. Nxe6 Nxc3 30. Nxf8 Nxd5 31. Qxc8 Rxc8 32. Rxc8 Nxf6 33. Nxg6+ Kg7
34. Ne7 Ne4 35. Rac1 Qd2 36. Nf5+ Kf6 37. Nxh6 Ng3+ 38. Kh2 Qxf4 39. Ng4+ Kg6
40. R8c4 Ne4+ 41. Kg1 f5 42. Rf1 Qg5 43. Rc8 Qd2 44. Nf2 Qe3 45. Rg8+ Kf7 46.
Rc8 b5 47. Rc2 a5 48. Kh2 Ng3 49. Rfc1 Ne2 50. Re1 Qe5+ 0-1

[Event "Championnat de France - Open A"]
[Site "Chartres"]
[Date "2005.??.??"]
[Round "2.2"]
[White "Guennoun, Anthony"]
[Black "Garbarino, Xavier"]
[Result "1-0"]
[WhiteElo "2087"]
[BlackElo "2191"]
[PlyCount "107"]
[EventDate "2005.??.??"]

1. e4 Nc6 2. Nf3 d6 3. d4 Nf6 4. Nc3 Bg4 5. Be2 e6 6. Be3 Be7 7. Qd2 d5 8. e5
Nd7 9. O-O O-O 10. h3 Bf5 11. a3 f6 12. exf6 Nxf6 13. Rad1 Ne4 14. Nxe4 Bxe4
15. Ng5 Bxg5 16. Bxg5 Qe8 17. f3 Bf5 18. c3 h6 19. Bf4 Qf7 20. Bh2 Rad8 21.
Rfe1 a6 22. Qf4 Rd7 23. g4 Bc2 24. Qxf7+ Rdxf7 25. Rd2 Bb3 26. f4 b5 27. Bd3
Nd8 28. f5 exf5 29. Bxf5 Bc4 30. Bg3 Kh8 31. Kg2 Nb7 32. Re6 Nd6 33. Bxd6 cxd6
34. Rxd6 Rf6 35. Rxf6 Rxf6 36. Rf2 a5 37. Bc2 Rxf2+ 38. Kxf2 a4 39. Ke3 g5 40.
h4 Kg7 41. hxg5 hxg5 42. Bd1 Kf6 43. Kd2 Ke6 44. Kc1 Bb3 45. Bxb3 axb3 46. Kd2
Kd6 47. Kd3 Kc6 48. a4 bxa4 49. c4 dxc4+ 50. Kxc4 Kd6 51. Kb4 Kd5 52. Kxa4 Kxd4
53. Kxb3 Ke4 54. Kc4 1-0

[Event "Championnat de France - Open A"]
[Site "Chartres"]
[Date "2005.??.??"]
[Round "2.3"]
[White "Rabineau, Clement"]
[Black "Nguyen-Huu, Hoang"]
[Result "1-0"]
[WhiteElo "2179"]
[BlackElo "2081"]
[PlyCount "37"]
[EventDate "2005.??.??"]

1. e4 c6 2. Nc3 Qc7 3. d4 d6 4. f4 Nd7 5. Nf3 e5 6. Bc4 h6 7. fxe5 dxe5 8. dxe5
Nxe5 9. Bf4 Bd6 10. Nxe5 Bxe5 {#} 11. Bxf7+ Kxf7 12. Qh5+ Kf6 13. Bxe5+ Qxe5
14. O-O+ Ke6 15. Qe8+ Ne7 16. Qxh8 Kd6 17. Rad1+ Kc5 18. Qd8 b5 19. Qa5 1-0

[Event "Championnat de France - Open A"]
[Site "Chartres"]
[Date "2005.??.??"]
[Round "2.4"]
[White "Lewis, John"]
[Black "Laval, Brice"]
[Result "0-1"]
[WhiteElo "2075"]
[BlackElo "2178"]
[PlyCount "68"]
[EventDate "2005.??.??"]

1. d4 Nf6 2. Nf3 g6 3. c4 Bg7 4. Nc3 O-O 5. e4 d6 6. Be2 e5 7. O-O Nc6 8. d5
Ne7 9. b4 Nd7 10. Nd2 f5 11. Nb3 Nf6 12. Bg5 Kh8 13. Rc1 Neg8 14. f3 Bh6 15.
Qd2 Bxg5 16. Qxg5 f4 17. c5 Rf7 18. Qh4 Rg7 19. Qf2 g5 20. cxd6 cxd6 21. Nb5 g4
22. Nxa7 g3 23. hxg3 fxg3 24. Qe3 {#} 24... Rxa7 25. Qxa7 Nxd5 26. exd5 b6 27.
Qxg7+ Kxg7 28. Rc4 b5 29. Re4 Bf5 30. Rc1 Bxe4 31. fxe4 Qb6+ 32. Kh1 Qf2 33.
Bxb5 Nf6 34. a4 Qe3 0-1

[Event "Championnat de France - Open A"]
[Site "Chartres"]
[Date "2005.??.??"]
[Round "2.5"]
[White "Pietrasanta, Jeremy"]
[Black "Gattegno, Laurent"]
[Result "1/2-1/2"]
[WhiteElo "2178"]
[BlackElo "2065"]
[PlyCount "111"]
[EventDate "2005.??.??"]

1. e4 e5 2. Bc4 Nf6 3. d3 d5 4. exd5 Nxd5 5. Qf3 Be6 6. Nc3 Bb4 7. Bd2 Bxc3 8.
bxc3 Nc6 9. Ne2 Nf6 10. Bxe6 fxe6 11. Rb1 Qd7 12. Rxb7 O-O 13. Rb3 a5 14. O-O
a4 15. Rbb1 e4 16. Qh3 Ra5 17. Nf4 Rf5 18. Be3 e5 19. Ne2 exd3 20. cxd3 Nd5 21.
Bc5 Rd8 22. d4 Qf7 23. a3 Na5 24. Ng3 Rg5 25. Ne4 Nf4 26. Qh4 Rxg2+ 27. Kh1 Re8
28. Rg1 Rg6 29. dxe5 Qf5 30. f3 Nb3 31. Be3 Ne2 32. Rxg6 hxg6 33. Qf2 Nf4 34.
Bd4 c5 35. Be3 Rxe5 36. Bxf4 Qxf4 37. Re1 Rf5 38. Kg2 Rh5 39. Qg3 Qxg3+ 40.
hxg3 Rd5 41. Rh1 Kf7 42. Rh8 Nd2 43. Ra8 Nxe4 44. fxe4 Rd3 45. Rxa4 Rxc3 46.
Ra6 c4 47. e5 Rd3 48. a4 Ra3 49. Kh3 c3 50. Ra7+ Ke6 51. a5 Kxe5 52. a6 Kd4 53.
Rd7+ Ke3 54. Re7+ Kd2 55. a7 c2 56. Rd7+ 1/2-1/2

[Event "Championnat de France - Open A"]
[Site "Chartres"]
[Date "2005.??.??"]
[Round "2.6"]
[White "Couttet, Jean-Marie"]
[Black "Bouvet, Laurent"]
[Result "1-0"]
[WhiteElo "2170"]
[BlackElo "2064"]
[PlyCount "129"]
[EventDate "2005.??.??"]

1. e4 c5 2. Nc3 Nc6 3. f4 e6 4. Nf3 d5 5. Bb5 Nge7 6. Qe2 d4 7. Nd1 a6 8. Bxc6+
Nxc6 9. d3 Be7 10. O-O Qc7 11. Bd2 O-O 12. Nf2 f5 13. Rae1 Bd7 14. Nh1 Rae8 15.
Ng3 g6 16. Kh1 Bf6 17. Qd1 Rd8 18. Re2 h5 19. h4 Rde8 20. e5 Be7 21. Kg1 Qb6
22. b3 Qd8 23. Ng5 Bxg5 24. hxg5 b5 25. Ree1 Kg7 26. Kf2 Ne7 27. Rh1 Bc6 28.
Rh2 Qb6 29. Reh1 Rh8 30. Qe2 Bd5 31. Ke1 Rc8 32. Kf2 c4 33. Bb4 Nc6 34. Bd6
cxd3 35. cxd3 Nd8 36. Be7 Rc3 37. Bf6+ Kg8 38. Bxh8 Qc6 39. Rd1 Rc2 40. Rd2
Rxd2 41. Qxd2 Kxh8 42. Ne2 Qc5 43. Rh1 Nc6 44. Rc1 Qb4 45. Qxb4 Nxb4 46. Rc8+
Kg7 47. Nc1 h4 48. a3 Nc6 49. Ne2 a5 50. Rxc6 Bxc6 51. Nxd4 Bd5 52. b4 axb4 53.
axb4 Kf7 54. Nxb5 Ke7 55. Nd6 Bb3 56. Kg1 Bd1 57. Kh2 Bg4 58. b5 Kd7 59. b6 Kc6
60. b7 Kc7 61. d4 Be2 62. d5 exd5 63. e6 Bd1 64. e7 Ba4 65. Kg1 1-0

[Event "Championnat de France - Open A"]
[Site "Chartres"]
[Date "2005.??.??"]
[Round "2.7"]
[White "Bolon, Karelle"]
[Black "Derieux, Christian"]
[Result "1-0"]
[WhiteElo "2064"]
[BlackElo "2170"]
[PlyCount "49"]
[EventDate "2005.??.??"]

1. e4 c5 2. Nf3 d6 3. Bb5+ Nd7 4. d4 cxd4 5. Qxd4 a6 6. Bxd7+ Bxd7 7. Nc3 e5 8.
Qd3 h6 9. Be3 Nf6 10. a4 Be7 11. O-O O-O 12. a5 Bc6 13. Rfd1 Qc8 14. Nd2 Qe6
15. Nb3 Rad8 16. Bb6 Rd7 17. Nd5 Bxd5 18. exd5 Qg4 19. f3 Qh5 20. Nd2 Nh7 21.
g4 Qh3 22. Qf5 Nf6 23. Ne4 Nxe4 24. fxe4 Bg5 25. Rd3 1-0

[Event "Championnat de France - Open A"]
[Site "Chartres"]
[Date "2005.??.??"]
[Round "2.8"]
[White "Humeau, Cyril"]
[Black "Polard, Gaetan"]
[Result "0-1"]
[WhiteElo "2059"]
[BlackElo "2165"]
[PlyCount "90"]
[EventDate "2005.??.??"]

1. c4 e5 2. Nc3 Nf6 3. Nf3 Nc6 4. e4 Bb4 5. d3 d6 6. Be2 Bg4 7. O-O Bxf3 8.
Bxf3 h6 9. Nd5 Bc5 10. Rb1 Nxd5 11. cxd5 Nd4 12. b4 Bb6 13. Be3 O-O 14. g3 c6
15. Bxd4 Bxd4 16. dxc6 bxc6 17. b5 Qa5 18. bxc6 Rac8 19. Qc2 Bc5 20. Bd1 Rxc6
21. Qa4 Qc7 22. Bb3 Rb6 23. Bc4 g6 24. Rxb6 axb6 25. Kg2 Kg7 26. f4 f5 27. fxe5
dxe5 28. Bd5 Bd4 29. Qc6 Qxc6 30. Bxc6 Rc8 31. Rc1 Kf6 32. a4 Ke7 33. Rc4 Rf8
34. Rc2 Kd6 35. Bb5 Bc5 36. Ra2 f4 37. gxf4 exf4 38. Kf3 g5 39. h3 Ke5 40. Rc2
h5 41. a5 g4+ 42. hxg4 hxg4+ 43. Kxg4 Rg8+ 44. Kh3 f3 45. axb6 Kf4 0-1

[Event "Championnat de France - Open A"]
[Site "Chartres"]
[Date "2005.??.??"]
[Round "2.9"]
[White "Schweitzer, Adrien"]
[Black "Bianchi, Guillaume"]
[Result "1/2-1/2"]
[WhiteElo "2059"]
[BlackElo "2155"]
[PlyCount "80"]
[EventDate "2005.??.??"]

1. d4 d5 2. c4 c6 3. Nf3 Nf6 4. g3 e6 5. Bg2 Bb4+ 6. Bd2 Bd6 7. O-O Nbd7 8. Qb3
O-O 9. Nc3 dxc4 10. Qxc4 e5 11. e4 exd4 12. Qxd4 Qe7 13. Rad1 Bc5 14. Qd3 a5
15. h3 a4 16. Rfe1 Ne5 17. Nxe5 Qxe5 18. Bf4 Qh5 19. g4 Qg6 20. Qd2 h5 21. g5
h4 22. Be3 Bxe3 23. Qxe3 Nh7 24. f4 f6 25. Rd6 Qe8 26. gxf6 gxf6 27. Red1 a3
28. b3 Be6 29. Qf2 Kh8 30. Qxh4 Rg8 31. f5 Bxf5 32. exf5 Qe3+ 33. Kh1 Rxg2 34.
Rd7 Rg7 35. Rxg7 Kxg7 36. Rd7+ Kf8 37. Qxh7 Qf3+ 38. Kg1 Qg3+ 39. Kf1 Qf3+ 40.
Kg1 Qg3+ 1/2-1/2

[Event "Championnat de France - Open A"]
[Site "Chartres"]
[Date "2005.??.??"]
[Round "2.10"]
[White "Heuveline, Gregory"]
[Black "Milanovic, Dino"]
[Result "1/2-1/2"]
[WhiteElo "2058"]
[BlackElo "2148"]
[PlyCount "69"]
[EventDate "2005.??.??"]

1. d4 d5 2. Nf3 Nc6 3. Bf4 Bg4 4. Nbd2 e6 5. e3 Nf6 6. h3 Bh5 7. c3 Bd6 8. Qc2
Bg6 9. Bd3 Bxd3 10. Qxd3 O-O 11. O-O Re8 12. Rfe1 e5 13. dxe5 Nxe5 14. Nxe5
Bxe5 15. Bxe5 Rxe5 16. Rad1 Qe8 17. Qc2 Rd8 18. Nf3 Re7 19. Rd3 Red7 20. Qa4 a6
21. Red1 c6 22. Qh4 h6 23. Nd2 Qe5 24. Nf3 Qe4 25. Qxe4 Nxe4 26. Nd2 f5 27.
Nxe4 fxe4 28. R3d2 c5 29. a3 Kf7 30. Kf1 Ke6 31. Ke2 Ke5 32. f3 exf3+ 33. gxf3
g5 34. h4 gxh4 35. Rh1 1/2-1/2